LEADER 02331nam2 22005053i 450 001 VAN0218534 005 20230606031456.289 017 70$2N$a9783030241520 100 $a20210928d2019 |0itac50 ba 101 $aeng 102 $aCH 105 $a|||| ||||| 200 1 $aˆ1: ‰Linear Optical Properties of Semiconductors$fHeinz Kalt, Claus F. Klingshirn 205 $a5. ed 210 $aCham$cSpringer$d2019 215 $axix, 559 p.$cill.$d24 cm 410 1$1001VAN0132770$12001 $aGraduate Texts in Physics$1210 $aBerlin [etc.]$cSpringer 461 1$1001VAN0218532$12001 $aSemiconductor optics$fHeinz Kalt, Claus F. Klingshirn$1210 $aCham$cSpringer$1215 $avolumi$cill.$d24 cm$v1 500 1$3VAN0218537$aSemiconductor Optics, 1, Linear Optical Properties of Semiconductors$92572878 606 $a82-XX$xStatistical mechanics, structure of matter [MSC 2020]$3VANC021931$2MF 606 $a78-XX$xOptics, electromagnetic theory [MSC 2020]$3VANC022356$2MF 606 $a80-XX$xClassical thermodynamics, heat transfer [MSC 2020]$3VANC022357$2MF 610 $aCoherent Phenomena Optics$9KW:K 610 $aFiber Optics$9KW:K 610 $aNano Photonics$9KW:K 610 $aNonlinear Optics$9KW:K 610 $aOptical Waveguides$9KW:K 610 $aOptoelectronic Devices$9KW:K 610 $aTextbook Integrated Optics$9KW:K 610 $aTextbook Klingshirn$9KW:K 610 $aTextbook Nonlinear Optics$9KW:K 610 $aTextbook Semiconductor Optics$9KW:K 610 $aTime-resolved Spectroscopy$9KW:K 620 $aCH$dCham$3VANL001889 700 1$aKalt$bHeinz$3VANV185968$0294630 701 1$aKlingshirn$bClaus F.$3VANV026656$0542529 712 $aSpringer $3VANV108073$4650 801 $aIT$bSOL$c20240614$gRICA 856 4 $uhttp://doi.org/10.1007/978-3-030-24152-0$zE-book ? Accesso al full-text attraverso riconoscimento IP di Ateneo, proxy e/o Shibboleth 899 $aBIBLIOTECA DEL DIPARTIMENTO DI MATEMATICA E FISICA$1IT-CE0120$2VAN08 912 $fN 912 $aVAN0218534 950 $aBIBLIOTECA DEL DIPARTIMENTO DI MATEMATICA E FISICA$d08CONS e-book 4019 $e08eMF4019 20210928 996 $aSemiconductor Optics, 1, Linear Optical Properties of Semiconductors$92572878 997 $aUNICAMPANIA LEADER 02169nam0 22004573i 450 001 VAN0249931 005 20230531122436.141 017 70$2N$a9783030603007 100 $a20220909d2020 |0itac50 ba 101 $aeng 102 $aCH 105 $a|||| ||||| 200 1 $aˆThe ‰Projected Subgradient Algorithm in Convex Optimization$fAlexander J. Zaslavski 210 $aCham$cSpringer$d2020 215 $avi, 146 p.$cill.$d24 cm 410 1$1001VAN0102834$12001 $aSpringerBriefs in optimization$1210 $aBerlin [etc.]$cSpringer 500 1$3VAN0249933$aˆThe ‰Projected Subgradient Algorithm in Convex Optimization$92909498 606 $a90C25$xConvex programming [MSC 2020]$3VANC019709$2MF 606 $a90C30$xNonlinear programming [MSC 2020]$3VANC023183$2MF 606 $a49M37$xNumerical methods based on nonlinear programming [MSC 2020]$3VANC023193$2MF 606 $a90C26$xNonconvex programming, global optimization [MSC 2020]$3VANC026769$2MF 606 $a65K05$xNumerical mathematical programming methods [MSC 2020]$3VANC028868$2MF 610 $aConvex Optimization$9KW:K 610 $aInfluence computational errors$9KW:K 610 $aNonsmooth convex optimization$9KW:K 610 $aOptimization problems bounded sets$9KW:K 610 $aProjected subgradient algorithm$9KW:K 610 $aQuasi-convex optimization$9KW:K 610 $aSubgradient algorithm$9KW:K 610 $aZero-sum games$9KW:K 620 $aCH$dCham$3VANL001889 700 1$aZaslavski$bAlexander J.$3VANV080282$0721713 712 $aSpringer $3VANV108073$4650 801 $aIT$bSOL$c20240614$gRICA 856 4 $uhttp://doi.org/10.1007/978-3-030-60300-7$zE-book ? Accesso al full-text attraverso riconoscimento IP di Ateneo, proxy e/o Shibboleth 899 $aBIBLIOTECA DEL DIPARTIMENTO DI MATEMATICA E FISICA$1IT-CE0120$2VAN08 912 $fN 912 $aVAN0249931 950 $aBIBLIOTECA DEL DIPARTIMENTO DI MATEMATICA E FISICA$d08CONS e-book 4889 $e08eMF4889 20220909 996 $aProjected Subgradient Algorithm in Convex Optimization$92909498 997 $aUNICAMPANIA